Analýza vývoja odvetvia reštauračných služieb na Slovensku

Príspevok charakterizuje odvetvie reštauračných služieb na Slovensku, identifikuje v súčasnosti prevládajúce trendy a prostredníctvom vybraných ukazovateľov analyzuje vývoj odvetvia a predpovedá jeho ďalšie smerovanie.

Salvato in:
Dettagli Bibliografici
Autore principale: Síbertová, Linda
Natura: Capitolo di libro
Lingua:slovacco
Soggetti:
Tags: Aggiungi Tag
Nessun Tag, puoi essere il primo ad aggiungerne!!

MARC

LEADER 00000nla a2200000 4500
001 0180402
005 20240502073055.2
041 0 |a slo 
044 |a SK 
245 1 0 |a Analýza vývoja odvetvia reštauračných služieb na Slovensku  |c Linda Síbertová 
520 |a Príspevok charakterizuje odvetvie reštauračných služieb na Slovensku, identifikuje v súčasnosti prevládajúce trendy a prostredníctvom vybraných ukazovateľov analyzuje vývoj odvetvia a predpovedá jeho ďalšie smerovanie. 
610 2 0 |a reštaurácie 
610 2 0 |a služby 
610 2 0 |a Slovensko 
100 1 |a Síbertová, Linda